000 00831nam a2200289Ia 4500
001 Para_6577
003 CHAP
008 220125s1999 xx 000 0 und d
010 _a204203
040 _cCHAP
090 _aPA FOLLETO 578
110 _aAsociación Mexicana de la Industria de Plaguicidas y Fertilizantes
_9170166
245 _aDesarrollo fenológico de vid en producción /
_c por AMIPF
260 _aMéxico :
_b La Asociación
300 _a1 h.
650 _aVid
_x crecimiento
_9119103
650 _aVid
_x irrigación
_9119122
650 _aVid
_x propagación
_9119135
650 _aViticultura
_9120043
901 _aPA FOLLETO 578
902 _aA
905 _a00000019-- 0000000000 00
910 _a19--
942 _cPARA
942 _cPARA
_d1
999 _c204203
_d204203